<?xml version="1.0" encoding="UTF-8"?>
<record
    xmlns:xsi="http://www.w3.org/2001/XMLSchema-instance"
    xsi:schemaLocation="http://www.loc.gov/MARC21/slim http://www.loc.gov/standards/marcxml/schema/MARC21slim.xsd"
    xmlns="http://www.loc.gov/MARC21/slim">

  <leader>00315pam a2200133a 44500</leader>
  <controlfield tag="008">230405s2022    xxu||||| |||| 00| 0 eng d</controlfield>
  <datafield tag="041" ind1=" " ind2=" ">
    <subfield code="a">ENG</subfield>
  </datafield>
  <datafield tag="100" ind1=" " ind2=" ">
    <subfield code="a">DR.S.B.BHISE</subfield>
  </datafield>
  <datafield tag="245" ind1=" " ind2=" ">
    <subfield code="a">PHARMACOVIGILANANCE ( DR.S.B.BHISE)</subfield>
  </datafield>
  <datafield tag="250" ind1=" " ind2=" ">
    <subfield code="a">2</subfield>
  </datafield>
  <datafield tag="260" ind1=" " ind2=" ">
    <subfield code="a">PUNE</subfield>
    <subfield code="b">NIRALI PRAKASHAN</subfield>
    <subfield code="c">2022</subfield>
  </datafield>
  <datafield tag="300" ind1=" " ind2=" ">
    <subfield code="a">4.3</subfield>
  </datafield>
  <datafield tag="906" ind1=" " ind2=" ">
    <subfield code="a">2687</subfield>
  </datafield>
  <datafield tag="999" ind1=" " ind2=" ">
    <subfield code="c">268126</subfield>
    <subfield code="d">268126</subfield>
  </datafield>
  <datafield tag="952" ind1=" " ind2=" ">
    <subfield code="0">0</subfield>
    <subfield code="1">0</subfield>
    <subfield code="4">0</subfield>
    <subfield code="7">0</subfield>
    <subfield code="8">C</subfield>
    <subfield code="a">PCK</subfield>
    <subfield code="b">PCK</subfield>
    <subfield code="d">2023-04-14</subfield>
    <subfield code="e">BHARATI MADHYVARTI SAHAKARI GRAHAK BHANDAR LTD</subfield>
    <subfield code="g">218.00</subfield>
    <subfield code="l">0</subfield>
    <subfield code="p">PCK-10336</subfield>
    <subfield code="r">2023-04-14 00:00:00</subfield>
    <subfield code="w">2023-04-14</subfield>
    <subfield code="y">BK</subfield>
  </datafield>
  <datafield tag="952" ind1=" " ind2=" ">
    <subfield code="0">0</subfield>
    <subfield code="1">0</subfield>
    <subfield code="4">0</subfield>
    <subfield code="7">0</subfield>
    <subfield code="8">C</subfield>
    <subfield code="a">PCK</subfield>
    <subfield code="b">PCK</subfield>
    <subfield code="d">2023-04-14</subfield>
    <subfield code="e">BHARATI MADHYVARTI SAHAKARI GRAHAK BHANDAR LTD</subfield>
    <subfield code="g">218.00</subfield>
    <subfield code="l">1</subfield>
    <subfield code="p">PCK-10335</subfield>
    <subfield code="r">2024-02-14 00:00:00</subfield>
    <subfield code="s">2024-02-12</subfield>
    <subfield code="w">2023-04-14</subfield>
    <subfield code="y">BK</subfield>
  </datafield>
  <datafield tag="952" ind1=" " ind2=" ">
    <subfield code="0">0</subfield>
    <subfield code="1">0</subfield>
    <subfield code="4">0</subfield>
    <subfield code="7">0</subfield>
    <subfield code="8">C</subfield>
    <subfield code="a">PCK</subfield>
    <subfield code="b">PCK</subfield>
    <subfield code="d">2023-04-14</subfield>
    <subfield code="e">BHARATI MADHYVARTI SAHAKARI GRAHAK BHANDAR LTD</subfield>
    <subfield code="g">218.00</subfield>
    <subfield code="l">1</subfield>
    <subfield code="p">PCK-10334</subfield>
    <subfield code="q">2024-05-20</subfield>
    <subfield code="r">2024-05-20 00:00:00</subfield>
    <subfield code="s">2024-05-20</subfield>
    <subfield code="w">2023-04-14</subfield>
    <subfield code="y">BK</subfield>
  </datafield>
  <datafield tag="952" ind1=" " ind2=" ">
    <subfield code="0">0</subfield>
    <subfield code="1">0</subfield>
    <subfield code="4">0</subfield>
    <subfield code="7">0</subfield>
    <subfield code="8">C</subfield>
    <subfield code="a">PCK</subfield>
    <subfield code="b">PCK</subfield>
    <subfield code="d">2023-04-14</subfield>
    <subfield code="e">BHARATI MADHYVARTI SAHAKARI GRAHAK BHANDAR LTD</subfield>
    <subfield code="g">218.00</subfield>
    <subfield code="l">2</subfield>
    <subfield code="p">PCK-10333</subfield>
    <subfield code="r">2024-06-19 00:00:00</subfield>
    <subfield code="s">2024-06-18</subfield>
    <subfield code="w">2023-04-14</subfield>
    <subfield code="y">BK</subfield>
  </datafield>
  <datafield tag="952" ind1=" " ind2=" ">
    <subfield code="0">0</subfield>
    <subfield code="1">0</subfield>
    <subfield code="4">0</subfield>
    <subfield code="7">0</subfield>
    <subfield code="8">C</subfield>
    <subfield code="a">PCK</subfield>
    <subfield code="b">PCK</subfield>
    <subfield code="d">2023-04-14</subfield>
    <subfield code="e">BHARATI MADHYVARTI SAHAKARI GRAHAK BHANDAR LTD</subfield>
    <subfield code="g">218.00</subfield>
    <subfield code="l">3</subfield>
    <subfield code="p">PCK-10332</subfield>
    <subfield code="q">2025-05-05</subfield>
    <subfield code="r">2025-05-05 00:00:00</subfield>
    <subfield code="s">2025-05-05</subfield>
    <subfield code="w">2023-04-14</subfield>
    <subfield code="y">BK</subfield>
  </datafield>
  <datafield tag="952" ind1=" " ind2=" ">
    <subfield code="0">0</subfield>
    <subfield code="1">0</subfield>
    <subfield code="4">0</subfield>
    <subfield code="7">0</subfield>
    <subfield code="8">C</subfield>
    <subfield code="a">PCK</subfield>
    <subfield code="b">PCK</subfield>
    <subfield code="d">2023-04-14</subfield>
    <subfield code="e">BHARATI MADHYVARTI SAHAKARI GRAHAK BHANDAR LTD</subfield>
    <subfield code="g">218.00</subfield>
    <subfield code="l">1</subfield>
    <subfield code="p">PCK-10331</subfield>
    <subfield code="q">2024-02-06</subfield>
    <subfield code="r">2024-02-06 00:00:00</subfield>
    <subfield code="s">2024-02-06</subfield>
    <subfield code="w">2023-04-14</subfield>
    <subfield code="y">BK</subfield>
  </datafield>
  <datafield tag="952" ind1=" " ind2=" ">
    <subfield code="0">0</subfield>
    <subfield code="1">0</subfield>
    <subfield code="4">0</subfield>
    <subfield code="7">0</subfield>
    <subfield code="8">C</subfield>
    <subfield code="a">PCK</subfield>
    <subfield code="b">PCK</subfield>
    <subfield code="d">2023-04-14</subfield>
    <subfield code="e">BHARATI MADHYVARTI SAHAKARI GRAHAK BHANDAR LTD</subfield>
    <subfield code="g">218.00</subfield>
    <subfield code="l">1</subfield>
    <subfield code="p">PCK-10330</subfield>
    <subfield code="r">2024-08-30 00:00:00</subfield>
    <subfield code="s">2024-08-23</subfield>
    <subfield code="w">2023-04-14</subfield>
    <subfield code="y">BK</subfield>
  </datafield>
  <datafield tag="952" ind1=" " ind2=" ">
    <subfield code="0">0</subfield>
    <subfield code="1">0</subfield>
    <subfield code="4">0</subfield>
    <subfield code="7">0</subfield>
    <subfield code="8">C</subfield>
    <subfield code="a">PCK</subfield>
    <subfield code="b">PCK</subfield>
    <subfield code="d">2023-04-14</subfield>
    <subfield code="e">BHARATI MADHYVARTI SAHAKARI GRAHAK BHANDAR LTD</subfield>
    <subfield code="g">218.00</subfield>
    <subfield code="l">2</subfield>
    <subfield code="p">PCK-10329</subfield>
    <subfield code="r">2025-06-11 00:00:00</subfield>
    <subfield code="s">2025-01-21</subfield>
    <subfield code="w">2023-04-14</subfield>
    <subfield code="y">BK</subfield>
  </datafield>
  <datafield tag="952" ind1=" " ind2=" ">
    <subfield code="0">0</subfield>
    <subfield code="1">0</subfield>
    <subfield code="4">0</subfield>
    <subfield code="7">0</subfield>
    <subfield code="8">C</subfield>
    <subfield code="a">PCK</subfield>
    <subfield code="b">PCK</subfield>
    <subfield code="d">2023-04-14</subfield>
    <subfield code="e">BHARATI MADHYVARTI SAHAKARI GRAHAK BHANDAR LTD</subfield>
    <subfield code="g">218.00</subfield>
    <subfield code="l">1</subfield>
    <subfield code="p">PCK-10328</subfield>
    <subfield code="q">2026-03-11</subfield>
    <subfield code="r">2026-03-11 00:00:00</subfield>
    <subfield code="s">2026-03-11</subfield>
    <subfield code="w">2023-04-14</subfield>
    <subfield code="y">BK</subfield>
  </datafield>
  <datafield tag="952" ind1=" " ind2=" ">
    <subfield code="0">0</subfield>
    <subfield code="1">0</subfield>
    <subfield code="4">0</subfield>
    <subfield code="7">0</subfield>
    <subfield code="8">C</subfield>
    <subfield code="a">PCK</subfield>
    <subfield code="b">PCK</subfield>
    <subfield code="d">2023-04-14</subfield>
    <subfield code="e">BHARATI MADHYVARTI SAHAKARI GRAHAK BHANDAR LTD</subfield>
    <subfield code="g">218.00</subfield>
    <subfield code="l">1</subfield>
    <subfield code="p">PCK-10327</subfield>
    <subfield code="r">2024-07-04 00:00:00</subfield>
    <subfield code="s">2024-02-06</subfield>
    <subfield code="w">2023-04-14</subfield>
    <subfield code="y">BK</subfield>
  </datafield>
</record>
